|
|
|
|
| LEADER |
01186nam a2200349 4500 |
| 001 |
DLU090096431 |
| 005 |
##20091201 |
| 040 |
# |
# |
|a DLU
|b eng
|
| 041 |
# |
# |
|a eng
|
| 044 |
# |
# |
|a us
|
| 245 |
# |
# |
|a Comparative study of the toxic actions of 2,2-bis(p-chlorophenyl)-1,1,1- trichloroethane and 2,2-bis(p-chlorophenyl)-1,1-dichloroethylene on the growth and respiratory activity of a microorganism used as a model /
|c M. M. Donato ... [et al.].
|
| 653 |
# |
# |
|a Bacillus stearothermophilus
|
| 653 |
# |
# |
|a Bacteria
|
| 653 |
# |
# |
|a Degradation product
|
| 653 |
# |
# |
|a Insecticide
|
| 653 |
# |
# |
|a Microorganism growth
|
| 653 |
# |
# |
|a Organochlorine compounds
|
| 653 |
# |
# |
|a Toxicity
|
| 700 |
# |
# |
|a Antunes-Madeira, M. C.
|
| 700 |
# |
# |
|a Donato, M. M.
|
| 700 |
# |
# |
|a Jurado, A. S.
|
| 700 |
# |
# |
|a Madeira, V. M.
|
| 773 |
# |
# |
|t Applied and Environmental Microbiology
|g Vol. 63, no. 12 (December 1997), p. 4948-4951
|
| 920 |
# |
# |
|a Phòng Tạp chí -- Trung tâm Thông tin - Thư viện Trường Đại học Đà Lạt
|
| 994 |
# |
# |
|a DLU
|
| 900 |
# |
# |
|a True
|
| 911 |
# |
# |
|a Trương Bảo Trâm Anh
|
| 925 |
# |
# |
|a G
|
| 926 |
# |
# |
|a A
|
| 927 |
# |
# |
|a BB
|
| 980 |
# |
# |
|a Thư viện Trường Đại học Đà Lạt
|